[Event "New York Barclay"]
[Site "New York"]
[Date "1984.??.??"]
[Round "10"]
[White "Schroer, Jonathan"]
[Black "Meyer, John C"]
[Result "1-0"]
[WhiteElo "2325"]
[BlackElo "2310"]

1.d4 Nf6 2.c4 g6 3.Nc3 Bg7 4.e4 O-O 5.Be2 d6 6.Nf3 e5 7.Be3 Nbd7 8.O-O Ng4
9.Bg5 f6 10.Bh4 h5 11.h3 Nh6 12.Qd2 c6 13.Rad1 Qe8 14.Rfe1 Nf7 15.b4 Bh6
16.Qc2 Bf4 17.a3 Kg7 18.Na4 Rg8 19.c5 dxc5 20.Nxc5 Nxc5 21.bxc5 g5 22.Bg3 g4
23.hxg4 hxg4 24.Nh4 Bxg3 25.fxg3 exd4 26.e5 Nxe5 27.Rxd4 Qh5 28.Bc4 Re8 29.Rf1 Nxc4
30.Rxc4 Be6 31.Rb4 Re7 32.Rf5 Bxf5 33.Nxf5+ Kf8 34.Nxe7 Kxe7 35.Rxb7+ Ke6
36.Qe4+ Qe5 37.Qxc6+ Kf5 38.Qd7+ Qe6 39.Qh7+  1-0

[Event "CAN-ch"]
[Site "Ottawa"]
[Date "1984.??.??"]
[Round "1"]
[White "Nickoloff, Bryon"]
[Black "Reeve, Jeff"]
[Result "1-0"]
[WhiteElo "2420"]
[BlackElo "2200"]

1.d4 Nf6 2.c4 g6 3.Nc3 Bg7 4.e4 d6 5.Be2 O-O 6.Nf3 e5 7.Be3 Nbd7 8.O-O h6
9.dxe5 dxe5 10.Nd2 Nh7 11.c5 f5 12.f3 Ndf6 13.Qb3+ Kh8 14.Nc4 Nh5 15.Rad1 Qh4
16.exf5 gxf5 17.Nd5 f4 18.Nxc7 Ng3 19.Rfe1 Nxe2+ 20.Rxe2 fxe3 21.Nd6 Ng5
22.Nxa8 Bh3 23.Qxe3 Rxa8 24.gxh3 Rf8 25.Rf1 Qxh3 26.f4 exf4 27.Qxh3 Nxh3+
28.Kh1 Kh7 29.Re7 Kg6 30.Rxb7 Bd4 31.c6  1-0

[Event "CAN-ch"]
[Site "Ottawa"]
[Date "1984.??.??"]
[Round "3"]
[White "Spraggett, Kevin"]
[Black "Morrison, Robert"]
[Result "1-0"]
[WhiteElo "2540"]
[BlackElo "2380"]

1.c4 g6 2.Nf3 Bg7 3.d4 Nf6 4.Nc3 O-O 5.e4 d6 6.Be2 e5 7.Be3 Qe7 8.dxe5 dxe5
9.Nd5 Nxd5 10.cxd5 Rd8 11.O-O c6 12.Bc4 b5 13.Bb3 Na6 14.Qc1 cxd5 15.Bxd5 Rb8
16.Ng5 h6 17.Bxf7+ Kf8 18.Bb3 hxg5 19.Bxg5 Bf6 20.Bxf6 Qxf6 21.f4 Qe7 22.fxe5+ Ke8
23.Qc6+  1-0

[Event "CAN-ch"]
[Site "Ottawa"]
[Date "1984.??.??"]
[Round "9"]
[White "Baragar, Fletcher"]
[Black "Pelts, Roman"]
[Result "1/2-1/2"]
[WhiteElo "2280"]
[BlackElo "2435"]

1.d4 Nf6 2.c4 d6 3.Nc3 Nbd7 4.e4 e5 5.Nf3 g6 6.Be2 Bg7 7.O-O O-O 8.Re1 h6
9.Bf1 Nh7 10.dxe5 dxe5 11.Be3 c6 12.Qc1 h5 13.c5 Qe7 14.b4 Ndf6 15.h3 Rd8
16.Qc2 Ne8 17.Rad1 Be6 18.Nd2 Bf6 19.Nc4 Bxc4 20.Bxc4 Bg5 21.Qb3 Kg7 22.Nb1 Bxe3
23.Qxe3 Rxd1 24.Rxd1 Rd8 25.Rd3 Nc7 26.Nd2 Nf8 27.a3 Rxd3 28.Qxd3 Qd7 29.Qxd7 Nxd7
30.Bd3 Kf6 31.Nc4 b6 32.cxb6 axb6 33.g3 Ke6 34.f4 b5 35.Nd2 c5 36.bxc5 Nxc5
37.Be2 h4 38.Kf2 hxg3+  1/2-1/2

[Event "CAN-ch"]
[Site "Ottawa"]
[Date "1984.??.??"]
[Round "9"]
[White "Nickoloff, Bryon"]
[Black "Morrison, Robert"]
[Result "1-0"]
[WhiteElo "2420"]
[BlackElo "2380"]

1.d4 Nf6 2.c4 g6 3.Nc3 Bg7 4.e4 d6 5.Be2 O-O 6.Nf3 e5 7.Be3 Nbd7 8.O-O c6
9.Qc2 Ng4 10.Bg5 f6 11.Bd2 exd4 12.Nxd4 Nc5 13.h3 f5 14.Nb3 Nxb3 15.Qxb3 Ne5
16.f4 Nd7 17.c5+ Kh8 18.cxd6 Nc5 19.Qc4 Nxe4 20.Nxe4 fxe4 21.Bc3 Qxd6 22.Rad1 Qc7
23.Be5 Bxe5 24.fxe5 Bf5 25.Qc3 Qg7 26.Rd6 Rfe8 27.g4 Rxe5 28.gxf5 gxf5+ 29.Kf2 Rae8
30.Ke1 Qe7 31.Rh6 Qg7 32.Rh5 Rf8 33.Bg4 Rb5 34.Bxf5 Qxc3+ 35.bxc3 Rf7 36.Ke2 Rc5
37.Kd2 e3+ 38.Kxe3 Rxc3+ 39.Kd4 Ra3 40.Re1 Rxa2 41.Rg5 Rd2+ 42.Bd3 Rd7+ 43.Kc4 b5+
44.Kc5 Rd8 45.Bf5 h6 46.Rh5 R8d6 47.Be6 Kh7 48.Rf5 Rd8 49.Rf7+ Kh8 50.Bf5 Rd1
51.Ree7 Rc1+ 52.Kb4 Rc4+ 53.Kb3 Rf4 54.Rh7+ Kg8 55.Bd7 c5 56.Reg7+ Kf8 57.Rg3 Re4
58.Bxb5  1-0

[Event "Pernik"]
[Site "Pernik"]
[Date "1984.??.??"]
[Round "10"]
[White "Spiridonov, Nikola"]
[Black "Lukov, Valentin"]
[Result "1/2-1/2"]
[WhiteElo "2455"]
[BlackElo "2435"]

1.d4 Nf6 2.c4 g6 3.Nc3 Bg7 4.e4 O-O 5.Nf3 d6 6.Be2 e5 7.Be3 Nbd7 8.O-O exd4
9.Nxd4 Re8 10.f3 c6 11.Qd2 Qe7 12.Nc2 Ne5 13.Rad1 Be6 14.b3 Red8 15.Bg5 h6
16.Bxh6 Bxh6 17.Qxh6 d5 18.exd5 cxd5  1/2-1/2

[Event "Pernik"]
[Site "Pernik"]
[Date "1984.??.??"]
[Round "12"]
[White "Spiridonov, Nikola"]
[Black "Berg, Klaus"]
[Result "0-1"]
[WhiteElo "2455"]
[BlackElo "2390"]

1.Nf3 Nf6 2.c4 g6 3.Nc3 Bg7 4.d4 O-O 5.e4 d6 6.Be2 e5 7.Be3 Nbd7 8.O-O h6
9.dxe5 dxe5 10.Qc2 Nh7 11.c5 c6 12.Rad1 f5 13.Rd6 f4 14.Bc1 g5 15.Bc4+ Kh8
16.Be6 Qe7 17.b4 Rf6 18.Bxd7 Bxd7 19.Rfd1 Rxd6 20.Rxd6 Rg8 21.Bb2 Bc8 22.Ne2 g4
23.Nd2 Ng5 24.Nc4 f3 25.Ng3 fxg2 26.Kxg2 Nf3 27.Qc1 Qh4 28.Kf1 Kh7 29.Ne3 Qxh2
30.Nef5 Bxf5 31.exf5 Rf8 32.Rd7 Qg1+ 33.Ke2 Nd4+ 34.Ke3 Qg2 35.Qf1 Qf3+ 36.Kd2 Qf4+
37.Kc3 Nxf5 38.Nxf5 Qxf5 39.Qd3 e4+ 40.Kb3 Rf7  0-1

[Event "Pernik"]
[Site "Pernik"]
[Date "1984.??.??"]
[Round "13"]
[White "Danailov, Silvio"]
[Black "Nenkov, Ljudmil"]
[Result "1-0"]
[WhiteElo "2345"]
[BlackElo "2245"]

1.d4 Nf6 2.c4 g6 3.Nc3 Bg7 4.e4 d6 5.Be2 O-O 6.Nf3 e5 7.O-O Nbd7 8.Qc2 c6
9.Rd1 Re8 10.Bf1 a5 11.dxe5 dxe5 12.c5 Qe7 13.Na4 h6 14.h3 Rf8 15.Be3 Ne8
16.Nb6 Rb8 17.Rd2 f5 18.Rad1 Ndf6 19.Nxc8 Rxc8 20.Bc4+ Kh7 21.exf5 e4 22.Nh4 gxf5
23.Nxf5 Qe5 24.Nxg7 Nxg7 25.Bd4 Qf5 26.Re1 Ngh5 27.f3 Rce8 28.fxe4 Rxe4 29.Rf1 Nf4
30.Rxf4 Qxf4 31.Rf2 Qxf2+ 32.Qxf2  1-0

[Event "Plovdiv"]
[Site "Plovdiv"]
[Date "1984.??.??"]
[Round "2"]
[White "Donchev, Dimitar I"]
[Black "Georgiev, Krum"]
[Result "1/2-1/2"]
[WhiteElo "2490"]
[BlackElo "2445"]

1.Nf3 Nf6 2.c4 g6 3.Nc3 Bg7 4.e4 d6 5.d4 O-O 6.Be2 e5 7.dxe5 dxe5 8.Qxd8 Rxd8
9.Bg5 Re8 10.O-O-O Na6 11.Ne1 h6 12.Be3 Ng4 13.Bxg4 Bxg4 14.f3 Be6 15.b3 c6
16.Nc2 b6 17.Rd2 Red8 18.Rxd8+ Rxd8 19.Rd1 Rxd1+ 20.Kxd1 Bf8 21.Kd2 h5 22.Ne1 Nc5
23.Nd3 Nxd3 24.Kxd3 f6  1/2-1/2

[Event "Poznan"]
[Site "Poznan"]
[Date "1984.??.??"]
[Round "4"]
[White "Nowak, Ignacy"]
[Black "Thipsay, Praveen Mahadeo"]
[Result "0-1"]
[WhiteElo "2395"]
[BlackElo "2445"]

1.d4 Nf6 2.c4 g6 3.Nc3 Bg7 4.e4 O-O 5.Be2 d6 6.Nf3 Nbd7 7.O-O e5 8.Qc2 c6
9.Rd1 exd4 10.Nxd4 Qe7 11.Bg5 Nc5 12.f3 Re8 13.b4 Ne6 14.Nxe6 Bxe6 15.Qd2 Qc7
16.Rac1 Qb6+ 17.Kh1 Nd7 18.a3 Bf8 19.Bf1 f6 20.Be3 Qd8 21.Ne2 Bf7 22.Nd4 Qe7
23.Bf2 Ne5 24.Re1 c5 25.Nb3 cxb4 26.Qxb4 Rec8 27.c5 Nc6 28.Qa4 a6 29.Bc4 dxc5
30.Bxf7+ Qxf7 31.Nxc5 b5 32.Qd1 Ne5 33.a4 Rd8 34.Qe2 Bxc5 35.Rxc5 Nd3 36.axb5 axb5
37.Rxb5 Ra2  0-1

[Event "Poznan"]
[Site "Poznan"]
[Date "1984.??.??"]
[Round "5"]
[White "Szymczak, Zbigniew"]
[Black "Paehtz, Thomas Sr"]
[Result "1/2-1/2"]
[WhiteElo "2335"]
[BlackElo "2390"]

1.d4 Nf6 2.c4 g6 3.Nc3 Bg7 4.e4 d6 5.Nf3 O-O 6.Be2 Nbd7 7.O-O e5 8.Qc2 c6
9.Rd1 Qe7 10.d5 c5 11.Bg5 h6 12.Bh4 g5 13.Bg3 Nh5 14.Nd2 Nf4 15.Bg4 h5 16.Bxf4 exf4
17.Bxh5 Ne5 18.h3 Qf6 19.Be2 Qh6 20.Nf3 Bd7  1/2-1/2

[Event "Poznan"]
[Site "Poznan"]
[Date "1984.??.??"]
[Round "8"]
[White "Nowak, Ignacy"]
[Black "Paehtz, Thomas Sr"]
[Result "0-1"]
[WhiteElo "2395"]
[BlackElo "2390"]

1.d4 Nf6 2.c4 g6 3.Nc3 Bg7 4.e4 d6 5.Be2 O-O 6.Nf3 e5 7.O-O Nbd7 8.Qc2 c6
9.Rd1 Qe7 10.d5 c5 11.Ne1 Ne8 12.Bd3 Ndf6 13.g3 Nh5 14.Ng2 Bh3 15.Qe2 Qd7
16.Re1 Bg4 17.f3 Bh3 18.Nd1 f5 19.Nf2 fxe4 20.Nxe4 Nc7 21.Bd2 Nf6 22.Ne3 Nxe4
23.Bxe4 Bf5 24.Ng4 Ne8 25.Nf2 Nf6 26.Kg2 Rf7 27.Rf1 Raf8 28.a4 Qc7 29.a5 b6
30.axb6 Qxb6 31.Ba5 Qb8 32.Bc3 Bh6 33.Bxf5 gxf5 34.Ra4 Bg7 35.Rfa1 Rb7 36.R1a2 Nd7
37.Nh3 h6 38.Nf2 Nb6 39.Ra6 Nc8 40.Rc6 Re7 41.Qc2 Nb6 42.Ba5 e4 43.Nh3 exf3+
44.Kxf3 f4 45.Nxf4 Qe8 46.b3 Rxf4+ 47.gxf4 Qh5+ 48.Kg2 Bd4 49.Qd3 Re3 50.Qxe3 Bxe3
51.Be1 Nxd5 52.Rc8+ Kf7 53.Rxa7+ Ne7 54.Bg3 Qe2+ 55.Kh3 Qf1+ 56.Kg4 h5+ 57.Kh4 Qf3  0-1

[Event "Reykjavik"]
[Site "Reykjavik"]
[Date "1984.??.??"]
[Round "?"]
[White "Bjarnason, Saevar"]
[Black "Cramling, Pia"]
[Result "1/2-1/2"]
[WhiteElo "2375"]
[BlackElo "2405"]

1.d4 Nf6 2.c4 d6 3.Nc3 Nbd7 4.Nf3 g6 5.e4 e5 6.Be2 Bg7 7.O-O O-O 8.Re1 c6
9.Bf1 Ng4 10.Bg5 f6 11.Bh4 Nh6 12.dxe5 dxe5 13.b4 Qe7 14.Qb3 Re8 15.c5+ Kh8
16.Rad1 Nf8 17.h3 Nf7 18.Bc4 Ne6 19.Re2 Nfg5 20.Bxg5 fxg5 21.Red2 Nf4 22.Ne2 g4
23.hxg4 Bxg4 24.Nh2 Bxe2 25.Bxe2 Rad8 26.Rxd8 Rxd8 27.Rxd8+ Qxd8 28.Bf1 Qe7
29.Bc4 b6 30.cxb6 axb6 31.g3 Nh3+ 32.Kg2 Ng5 33.Qe3 b5 34.Bb3 Bf6 35.Nf3 Nxf3
36.Qxf3 Kg7 37.Qc3 Qd6 38.a4 Be7 39.axb5 cxb5 40.Bd5 Bd8  1/2-1/2

[Event "Reykjavik"]
[Site "Reykjavik"]
[Date "1984.??.??"]
[Round "?"]
[White "Knezevic, Milorad"]
[Black "Sigurjonsson, Gudmundur"]
[Result "1/2-1/2"]
[WhiteElo "2450"]
[BlackElo "2470"]

1.d4 Nf6 2.Nf3 g6 3.c4 Bg7 4.Nc3 d6 5.e4 O-O 6.Be2 Nbd7 7.O-O e5 8.Bg5 h6
9.Bh4 a5 10.dxe5 dxe5 11.Qc2 c6 12.Na4 b6 13.Rfd1 Qc7 14.Nd2 Re8 15.f3 Nh5
16.Bf2 Nf4 17.Nb3 Rb8 18.Bf1 Ne6 19.g3 Bf8 20.Bh3 Ndc5 21.Nbxc5 Nxc5 22.Bxc8 Rexc8
23.Nxc5 Bxc5 24.Rd3 Rd8 25.Rad1 Be7 26.Kg2 Rxd3  1/2-1/2

[Event "Rostock"]
[Site "Rostock"]
[Date "1984.??.??"]
[Round "?"]
[White "Chekhov, Valery A"]
[Black "Jakat, Thomas"]
[Result "1-0"]
[WhiteElo "2520"]
[BlackElo "2230"]

1.d4 Nf6 2.c4 g6 3.Nc3 Bg7 4.e4 d6 5.Be2 O-O 6.Nf3 e5 7.O-O Nbd7 8.d5 Nc5
9.Qc2 a5 10.Bg5 h6 11.Be3 b6 12.Nd2 Ng4 13.Bxg4 Bxg4 14.a3 a4 15.Bxc5 bxc5
16.Nxa4 h5 17.Nc3 Bh6 18.f3 Bd7 19.Rfe1 h4 20.Re2 h3 21.g3 f5 22.Rf1 Qg5
23.Qd3 f4 24.g4 Bxg4 25.fxg4 Qxg4+ 26.Kh1 f3 27.Nxf3 Rf7 28.Ref2 Raf8 29.Qe2 Be3
30.Qxe3 Rxf3  1-0

[Event "Rostock"]
[Site "Rostock"]
[Date "1984.??.??"]
[Round "?"]
[White "Chekhov, Valery A"]
[Black "Vogt, Lothar"]
[Result "1/2-1/2"]
[WhiteElo "2520"]
[BlackElo "2460"]

1.d4 Nf6 2.c4 g6 3.Nc3 Bg7 4.e4 d6 5.Be2 O-O 6.Nf3 e5 7.O-O Nbd7 8.Be3 c6
9.d5 Ng4 10.Bg5 f6 11.Bd2 Qe7 12.b4 f5 13.dxc6 bxc6 14.b5 Bb7 15.Bg5  1/2-1/2

[Event "Rostock"]
[Site "Rostock"]
[Date "1984.??.??"]
[Round "?"]
[White "Chekhov, Valery A"]
[Black "Paehtz, Thomas Sr"]
[Result "1-0"]
[WhiteElo "2520"]
[BlackElo "2390"]

1.d4 Nf6 2.c4 g6 3.Nc3 Bg7 4.e4 d6 5.Be2 O-O 6.Nf3 Nbd7 7.O-O e5 8.Be3 c6
9.d5 Ng4 10.Bg5 f6 11.Bd2 c5 12.Qc1 f5 13.Ng5 Nb8 14.exf5 gxf5 15.Qb1 Bh6
16.Qc1 Qe7 17.Bxg4 fxg4 18.Nge4 Bxd2 19.Qxd2 Bf5 20.f3 gxf3 21.Rxf3 Nd7 22.Qg5+ Qxg5
23.Nxg5 Nb6 24.b3 Bg6 25.Nb5 Rxf3 26.gxf3 Nc8 27.Ne4 Bxe4 28.fxe4 a6 29.Nc7 Ra7
30.Rf1 b5 31.Ne6 Rf7 32.cxb5 axb5 33.Ra1 Ra7 34.Kf2 Nb6 35.Ke3 Kf7 36.Kd3 c4+
37.Kc3 cxb3 38.Rf1+ Ke7 39.axb3 Ra2 40.Rg1 Rxh2 41.Rg7+ Kf6 42.Kb4 Nc8 43.Rg8 Ne7
44.Rf8+ Kg6 45.Rd8 Re2 46.Rxd6 Rxe4+ 47.Kxb5 Kf5 48.Ng7+ Kg4 49.Rd7 Ng8 50.Ne8 Rd4
51.Kc6  1-0

[Event "Rostock"]
[Site "Rostock"]
[Date "1984.??.??"]
[Round "?"]
[White "Jakat, Thomas"]
[Black "Knaak, Rainer"]
[Result "0-1"]
[WhiteElo "2230"]
[BlackElo "2530"]

1.c4 g6 2.Nc3 Bg7 3.Nf3 d6 4.d4 Nf6 5.e4 O-O 6.Be2 Nbd7 7.O-O e5 8.Re1 c6
9.Rb1 exd4 10.Nxd4 Re8 11.Bf1 Ng4 12.h3 Qb6 13.hxg4 Qxd4 14.Be3 Qe5 15.g5 Qe7
16.Qd2 Ne5 17.Rbd1 Bg4 18.Be2 Bxe2 19.Qxe2 Qe6 20.c5 dxc5 21.Bxc5 b6 22.Bd4 Rad8
23.f4 Nf3+ 24.Qxf3 Bxd4+ 25.Kh1 Bxc3 26.Rxd8  0-1

[Event "Kamen Piskov mem 4"]
[Site "Ruse"]
[Date "1984.??.??"]
[Round "2"]
[White "Cserna, Laszlo"]
[Black "Atanasov, Petko"]
[Result "1/2-1/2"]
[WhiteElo "2420"]
[BlackElo "2420"]

1.d4 Nf6 2.c4 g6 3.Nc3 Bg7 4.e4 d6 5.Be2 O-O 6.Nf3 e5 7.dxe5 dxe5 8.Qxd8 Rxd8
9.Bg5 Re8 10.Nd5 Nxd5 11.cxd5 f5 12.Nd2 h6 13.Be3 c6 14.Bc4 Kh7 15.f3 cxd5
16.Bxd5 Nc6 17.Bxc6 bxc6 18.O-O-O Be6 19.Kb1 Red8 20.Nb3 Bc4 21.Kc2 Be2 22.Rxd8 Rxd8
23.Nc1 Bc4 24.b3 Ba6 25.Bxa7 Kg8 26.g3 Bf8 27.Bb6 Rd7 28.exf5 gxf5 29.Re1 Bb4
30.Rd1 Rxd1 31.Kxd1 Kf7 32.Be3 h5 33.Ne2 c5 34.Bd2 Ke6 35.a4 Kd5 36.Bxb4 cxb4
37.Kd2 Kc5 38.f4 e4 39.Ke3 Bb7 40.Nd4 Bd5 41.a5 Bg8 42.h3 Bd5 43.a6 Kb6 44.Nc2 Bxb3
45.Nxb4 Be6 46.Kd4 Bb3 47.Ke5 e3 48.a7 e2 49.Nd3 Kxa7 50.Ne1 Kb6 51.Kxf5 Kc5
52.Ke4 Bd5+ 53.Ke5 Kc4 54.f5 Bc6 55.f6 Be8 56.Ke6 Kd4 57.f7 Bxf7+ 58.Kxf7 Ke3
59.Kg6 Kf2 60.Nc2 Kxg3  1/2-1/2

[Event "Kamen Piskov mem 4"]
[Site "Ruse"]
[Date "1984.??.??"]
[Round "11"]
[White "Orso, Miklos"]
[Black "Komljenovic, Davor"]
[Result "1/2-1/2"]
[WhiteElo "2390"]
[BlackElo "2395"]

1.Nf3 Nf6 2.c4 g6 3.Nc3 Bg7 4.e4 d6 5.d4 O-O 6.Be2 Nbd7 7.O-O e5 8.Re1 c6
9.Bf1 a5 10.dxe5 dxe5 11.Na4 Ne8 12.c5  1/2-1/2

[Event "Smederevska Palanka"]
[Site "Smederevska Palanka"]
[Date "1984.??.??"]
[Round "?"]
[White "Petursson, Margeir"]
[Black "Cabrilo, Goran"]
[Result "1-0"]
[WhiteElo "2465"]
[BlackElo "2430"]

1.d4 Nf6 2.c4 d6 3.Nc3 Nbd7 4.Nf3 g6 5.e4 e5 6.Be2 Bg7 7.O-O O-O 8.Re1 h6
9.Qc2 Nh7 10.dxe5 dxe5 11.b4 Re8 12.Be3 Nhf8 13.Rad1 Ne6 14.c5 c6 15.Bc4 Qc7
16.Rd6 Ndf8 17.b5 Bd7 18.Red1 cxb5 19.Nxb5 Bxb5 20.Bxb5 Rec8 21.R1d5 Nf4
22.Bxf4 exf4 23.e5 Qe7 24.h3 Rc7 25.Qa4 a6 26.Bd7 g5 27.Bg4 Ne6 28.Bxe6 fxe6
29.Rd1 Rxc5 30.Rd7 Qe8 31.Qe4 Rac8 32.Qxb7 Bxe5 33.Nxe5 Rxe5 34.Rg7+  1-0

[Event "BUL-ch"]
[Site "Sofia"]
[Date "1984.??.??"]
[Round "?"]
[White "Velikov, Petar"]
[Black "Georgiev, Krum"]
[Result "1/2-1/2"]
[WhiteElo "2460"]
[BlackElo "2455"]

1.c4 g6 2.Nf3 Bg7 3.d4 d6 4.Nc3 Nf6 5.e4 O-O 6.Be2 e5 7.O-O Nbd7 8.Be3 Ng4
9.Bg5 Bf6 10.Bxf6 Ngxf6 11.Qc2 c6 12.Rfd1 Qe7 13.dxe5 dxe5 14.a3 Nh5 15.b4 Ndf6
16.c5 Bg4 17.Nd2 Nf4 18.Nc4 Rad8 19.h3 Bxe2 20.Nxe2 N6h5  1/2-1/2

[Event "BUL-ch"]
[Site "Sofia"]
[Date "1984.??.??"]
[Round "?"]
[White "Radev, Nikolai"]
[Black "Stefanov, Krasimir"]
[Result "1-0"]
[WhiteElo "2325"]
[BlackElo "2280"]

1.d4 Nf6 2.c4 g6 3.Nc3 Bg7 4.e4 d6 5.Be2 O-O 6.Nf3 e5 7.O-O Nbd7 8.Qc2 exd4
9.Nxd4 Re8 10.Rd1 Nc5 11.f3 a5 12.Be3 Qe7 13.Bf2 c6 14.Bf1 Nh5 15.g3 Ne6
16.Nxe6 fxe6 17.Qd2 Bf8 18.Na4 Qf6 19.Be2 c5 20.Rac1 Ra6 21.Rc3 Ng7 22.Rb3 Qf7
23.Rb6 Qc7 24.Rxa6 bxa6 25.b3 e5 26.Nc3 Ne6 27.Nd5 Qd8 28.Be3 Bg7 29.Rf1 Rf8
30.Bd1 Bd7 31.Qc3 Nd4 32.Bd2 Nc6 33.a3 Rf7 34.Qe3 Nd4 35.Rf2 Be6 36.Bc3 Rb7
37.Rb2 Nc6 38.Qd2 h5 39.h4 Kh7 40.Qg5 Qf8 41.Qd2 Bh6 42.Qe1 Qd8 43.f4 Bg7
44.f5 gxf5 45.exf5 Bxf5 46.Bxh5 Nd4 47.Rf2 Bd3 48.Bxa5 Qb8 49.b4 Nc6 50.Qe3 e4
51.Qg5 Ne5 52.Bd8 e3 53.Rf8 Nd7 54.Rf7  1-0

[Event "BUL-ch playoff"]
[Site "Sofia"]
[Date "1984.??.??"]
[Round "1"]
[White "Danailov, Silvio"]
[Black "Donchev, Dimitar I"]
[Result "1/2-1/2"]
[WhiteElo "2345"]
[BlackElo "2455"]

1.c4 g6 2.d4 Bg7 3.Nc3 d6 4.e4 Nd7 5.Nf3 e5 6.Be2 Ngf6 7.O-O O-O 8.Qc2 c6
9.Rd1 Qe7 10.dxe5 dxe5 11.Be3 Re8 12.a3 Nh5 13.g3 Nf8 14.b4 Bg4 15.Nd2 Bxe2
16.Nxe2 Ne6 17.c5 Nhf4 18.Nc4 Qg5 19.Kh1 Qh5 20.Ng1 Nh3 21.Qe2 Qxe2 22.Nxe2 Nd4
23.Ra2 h6  1/2-1/2

[Event "Tatran Cup"]
[Site "Stary Smokovec"]
[Date "1984.??.??"]
[Round "8"]
[White "Banas, Jan"]
[Black "Kristiansen, Jens"]
[Result "1/2-1/2"]
[WhiteElo "2400"]
[BlackElo "2445"]

1.Nf3 Nf6 2.c4 g6 3.Nc3 Bg7 4.d4 O-O 5.e4 d6 6.Be2 e5 7.dxe5 dxe5 8.Qxd8 Rxd8
9.Bg5 Nbd7 10.O-O-O Rf8 11.Ne1 Nc5 12.f3 c6 13.Nc2 a5 14.b3 Re8 15.Rd2 Be6
16.Kb2 Nfd7 17.g4 f6 18.Be3 Bf8 19.Rhd1 Rec8 20.Bf1 Nb6 21.Na3 Kf7 22.h4 Ke8
23.g5 fxg5 24.hxg5 Rd8 25.Nc2 Rxd2 26.Rxd2 Rd8 27.Rxd8+ Kxd8 28.Ne2 Kc7 29.Ng1 Bg8
30.Nh3 Ne6 31.a3 Nc8 32.b4 axb4 33.axb4 b6 34.Kc3 Be7 35.Ne1 Nd6 36.Nd3 Nf7
37.Bg2 Nexg5 38.Nxg5 Nxg5 39.Nxe5 Bf6 40.Kd3 Ne6 41.Ng4 Bg7 42.Nh6 Bxh6 43.Bxh6 g5
44.Kc3 Kd6 45.Bh3 c5 46.Bxe6 Bxe6 47.Bxg5 Bh3 48.f4 cxb4+ 49.Kxb4 Bg2 50.e5+ Kc6
51.e6 Kd6 52.f5 Be4 53.Kb5 Bxf5 54.e7 Kd7 55.Kxb6 Be4 56.Kc5 Bf3 57.Kd4 Be2
58.c5 Bf3 59.Ke5 Bh5  1/2-1/2

[Event "URS-FL"]
[Site "Sverdlovsk"]
[Date "1984.??.??"]
[Round "?"]
[White "Gavrikov, Viktor"]
[Black "Podgaets, Mikhail"]
[Result "1/2-1/2"]
[WhiteElo "2505"]
[BlackElo "2455"]

1.d4 Nf6 2.c4 g6 3.Nc3 Bg7 4.e4 d6 5.Nf3 O-O 6.Be2 e5 7.O-O Nbd7 8.Be3 c6
9.d5 c5 10.Ne1 Ne8 11.Nd3 f5 12.f4 g5 13.fxe5 Nxe5 14.Nxe5 Bxe5 15.exf5 Bxf5
16.g4 Bg6 17.Rxf8+ Kxf8 18.Qd2 h6 19.Rf1+ Kg7 20.h4 Nf6 21.hxg5 hxg5 22.Bxg5 Qh8
23.Bf4 Qh3 24.Bxe5 dxe5 25.Bf3 Nxg4 26.Qg2 Qxg2+ 27.Bxg2 Ne3 28.Re1 Nxc4
29.b3 Nd6 30.Rxe5  1/2-1/2

[Event "Thessaloniki ol (Women)"]
[Site "Thessaloniki"]
[Date "1984.??.??"]
[Round "4"]
[White "Garcia, Nieves"]
[Black "Erenska Radzewska, Hanna"]
[Result "1/2-1/2"]
[WhiteElo "2160"]
[BlackElo "2240"]

1.d4 Nf6 2.c4 g6 3.Nc3 Bg7 4.e4 d6 5.Be2 O-O 6.Nf3 e5 7.dxe5 dxe5 8.Qxd8 Rxd8
9.Bg5 Re8 10.Nd5 Nxd5 11.cxd5 c6 12.Bc4 a5 13.O-O b5 14.Be2 cxd5 15.Bxb5 Bd7  1/2-1/2

[Event "Thessaloniki ol (Women)"]
[Site "Thessaloniki"]
[Date "1984.??.??"]
[Round "9"]
[White "Muresan, Margareta"]
[Black "Veroci, Zsuzsa"]
[Result "1/2-1/2"]
[WhiteElo "2195"]
[BlackElo "2295"]

1.Nf3 Nf6 2.c4 g6 3.Nc3 Bg7 4.e4 d6 5.d4 O-O 6.Be2 Nbd7 7.O-O e5 8.Be3 c6
9.Qc2 Ng4 10.Bg5 f6 11.Bh4 Nh6 12.Rad1 Nf7 13.h3 Qe7 14.Rfe1 h5 15.Bg3 Bh6  1/2-1/2

[Event "Thessaloniki ol (Women)"]
[Site "Thessaloniki"]
[Date "1984.??.??"]
[Round "11"]
[White "Muresan, Margareta"]
[Black "Petrovic, Marija"]
[Result "1/2-1/2"]
[WhiteElo "2195"]
[BlackElo "2130"]

1.Nf3 g6 2.c4 Bg7 3.d4 d6 4.Nc3 Nf6 5.e4 O-O 6.Be2 Nbd7 7.O-O e5 8.Re1 a5
9.Bf1 h6 10.h3 Re8 11.dxe5 dxe5 12.Be3 c6 13.Qc2 Qe7 14.Na4 Nh5 15.g3 Bf8
16.c5 Qf6 17.Bg2 g5 18.Rad1 Qg6 19.a3 Nhf6 20.Nd2 Nd5 21.Nc4 Nxe3 22.Nxe3 Rb8
23.Rd2 Nf6 24.Nb6 Be6 25.Red1 Qh5 26.f3 Qg6 27.Ng4 Nxg4 28.hxg4 Qf6 29.Qc3 Qe7
30.b4 axb4 31.axb4 Qf6 32.Bf1 Rbd8 33.Bc4 Rxd2 34.Rxd2 Bxc4 35.Nxc4 Rd8 36.Kf2 Rxd2+
37.Qxd2 h5 38.gxh5 g4 39.f4 exf4 40.Qxf4 Qd4+ 41.Ne3 Qxb4 42.Nxg4 Qxc5+ 43.Kg2 b5
44.Nf6+ Kh8 45.Qg4 Bg7 46.Qc8+ Qf8 47.Qxc6 b4 48.Nd7 Qe7 49.h6 Bc3 50.Kf3 Kh7
51.e5 Qg5 52.Nf8+ Kh8  1/2-1/2

[Event "Tunja"]
[Site "Tunja"]
[Date "1984.??.??"]
[Round "1"]
[White "Agzamov, Georgy"]
[Black "Knaak, Rainer"]
[Result "1-0"]
[WhiteElo "2570"]
[BlackElo "2490"]

1.d4 Nf6 2.c4 d6 3.Nc3 Nbd7 4.e4 e5 5.Nf3 g6 6.Be2 Bg7 7.O-O O-O 8.Re1 c6
9.Bf1 exd4 10.Nxd4 Ng4 11.h3 Qb6 12.hxg4 Qxd4 13.Qc2 Qe5 14.Be3 Qe7 15.Rad1 Ne5
16.f3 Be6 17.b3 b6 18.Qd2 Rad8 19.g5 f6 20.Rc1 fxg5 21.Bxg5 Bf6 22.Bxf6 Qxf6
23.Qh6 Qe7 24.Qe3 Qh4 25.Ne2 g5 26.Red1 Rd7 27.Qf2 Qh6 28.Rc3 Qg7 29.Nd4 Rf6
30.b4 c5 31.bxc5 bxc5 32.Nxe6 Rxe6 33.Rb3 h5 34.Rb8+ Kh7 35.Rdb1 Rf7 36.Qe3 Ref6
37.Be2 h4 38.Re8 Rf8 39.Rbb8 Rxe8 40.Rxe8 Kg6 41.Qd2 Kh6 42.Qd5 Kh7 43.Rd8 g4
44.f4 Rxf4 45.Qxd6 Rf6 46.Qxc5 Rb6 47.Qf2 Rb1+ 48.Bf1 g3 49.Qf5+ Kh6 50.Qf4+ Kh7
51.Qf5+ Kh6 52.Rd5  1-0

[Event "URS Cup"]
[Site "URS"]
[Date "1984.??.??"]
[Round "?"]
[White "Lerner, Konstantin Z"]
[Black "Dorfman, Josif D"]
[Result "1/2-1/2"]
[WhiteElo "2485"]
[BlackElo "2515"]

1.d4 Nf6 2.Nf3 g6 3.c4 Bg7 4.Nc3 O-O 5.e4 d6 6.Be2 e5 7.Be3 Ng4 8.Bg5 f6
9.Bc1 Nc6 10.d5 Ne7 11.h3 Nh6 12.g4 Nf7 13.Be3 f5 14.gxf5 gxf5 15.Qc2 fxe4
16.Nxe4 c6 17.Rg1 Bf5 18.Nh4 cxd5 19.Nf6+ Kh8 20.Nxf5 Bxf6 21.Nxe7 Qxe7 22.cxd5 Bg5
23.Qe4 Bxe3 24.Qxe3 Qh4 25.Rg4 Qf6 26.Rb4 b6 27.Rc1 Rac8 28.Rbc4 Rc5 29.Rxc5 dxc5
30.Rc4 Nd6 31.Rg4 Rg8 32.Kf1 h6 33.Qg3 Rg5 34.h4 Rg7 35.Rxg7 Qxg7 36.Qh3 Qf7
37.Qe3 Qf6 38.Bd3 Kg7 39.Qg3+ Kf7 40.Qg4 a5 41.a4 Ke7  1/2-1/2

[Event "URS Cup"]
[Site "URS"]
[Date "1984.??.??"]
[Round "?"]
[White "Taimanov, Mark E"]
[Black "Romanishin, Oleg M"]
[Result "0-1"]
[WhiteElo "2515"]
[BlackElo "2580"]

1.d4 Nf6 2.c4 g6 3.Nc3 Bg7 4.e4 d6 5.Be2 Nbd7 6.Nf3 e5 7.O-O O-O 8.Re1 c6
9.Rb1 exd4 10.Nxd4 Re8 11.Bf1 Ng4 12.h3 Qb6 13.hxg4 Qxd4 14.Bf4 Qxd1 15.Rbxd1 Be5
16.Bc1 Nb6 17.f4 Bxc3 18.bxc3 d5 19.cxd5 Bxg4 20.Rd4 Nxd5 21.Bd2 Nc7 22.a4 c5
23.Rd3 Rad8 24.Be3 b6 25.a5 Rxd3 26.Bxd3 Rd8 27.axb6 axb6 28.Bf1 Rd1 29.Kf2 Rxe1
30.Kxe1 Bd7 31.Kd2 Kf8 32.Bf2 Bc6 33.Bd3 f6 34.Bg3 Ne8 35.Ke3 Ke7 36.Bh4 h6
37.Be1 Ng7 38.c4 Ne6 39.Bc3 Bb7 40.g3 Ba6 41.f5 gxf5 42.e5 fxe5 43.Bxe5 Nd4
44.Bg7 f4+ 45.gxf4 Bxc4 46.Bxh6 Bxd3 47.Kxd3 Nf5 48.Bg5+ Ke6 49.Bd8 b5 50.Ba5 Kd5
51.Kc3 Nd4 52.Kb2 Kc4 53.Bb6 Kd5 54.Ba7 Kc6 55.Bb8 Kd5 56.Be5 c4 57.Bh8  0-1

[Event "Valjevo"]
[Site "Valjevo"]
[Date "1984.??.??"]
[Round "3"]
[White "Adamski, Jan"]
[Black "Akesson, Ralf"]
[Result "0-1"]
[WhiteElo "2430"]
[BlackElo "2430"]

1.d4 Nf6 2.Nf3 g6 3.c4 Bg7 4.Nc3 d6 5.e4 O-O 6.Be2 Nbd7 7.O-O e5 8.Be3 Ng4
9.Bg5 f6 10.Bc1 Nh6 11.Qc2 c6 12.Rd1 Nf7 13.b4 Qe7 14.b5 f5 15.bxc6 bxc6
16.exf5 gxf5 17.Qxf5 exd4 18.Nxd4 Nb6 19.Qc2 c5 20.Nf3 Bxc3 21.Qxc3 Qxe2
22.Bb2 Ne5 23.Nxe5 Qxf2+ 24.Kh1 Na4 25.Qd3 Nxb2 26.Qd5+ Kh8 27.Nd3 Nxd3 28.Qxa8 Qd4  0-1

[Event "Valjevo"]
[Site "Valjevo"]
[Date "1984.??.??"]
[Round "6"]
[White "Vujic, Branimir"]
[Black "Kostic, Vladimir"]
[Result "1/2-1/2"]
[WhiteElo "2200"]
[BlackElo "2300"]

1.Nf3 Nf6 2.c4 g6 3.Nc3 Bg7 4.e4 d6 5.d4 O-O 6.Be2 e5 7.Bg5 exd4 8.Nxd4 Nc6
9.Nxc6 bxc6 10.Qd2 Qe8 11.f3 Rb8 12.O-O Nd7 13.b3 Nc5 14.Bh6 Bxh6 15.Qxh6 Qe5
16.Qe3 Ne6 17.f4 Qd4 18.Qxd4 Nxd4 19.Bd3 Bb7 20.Rac1 Rbd8 21.Rf2 Rfe8 22.Kf1 a5
23.Rd2 f6 24.Bc2 Nxc2 25.Rdxc2 Re7 26.Kf2 Rde8 27.Re2 c5 28.Nd5 Rf7 29.g4 g5
30.Kg3 gxf4+ 31.Kxf4 Re5 32.Re3 Bxd5 33.cxd5 Rf8 34.Rc2 Rb8 35.Rc4 Rb4 36.Rec3 Re8
37.Rxb4 axb4 38.Rc2 Kf7 39.Kf5 Re5+ 40.Kf4 Re8 41.Kf5 h5 42.Rg2 hxg4 43.Rxg4 Re5+
44.Kf4 Rh5 45.h4 Kf8 46.Kg3 Kf7 47.Kf4 Rh8 48.Kf5 Re8 49.Kf4 Ra8 50.Rg2 Rh8
51.Rg4 Rh5 52.Kg3 Rh7 53.Kf4 Rh8  1/2-1/2